CLINICAL AND OPERATIVE METHODS IN ENT AND HEAD AND NECK SURGERY (Record no. 14340)

MARC details
000 -LEADER
fixed length control field 00314nam a22001337a 4500
003 - CONTROL NUMBER IDENTIFIER
control field SGT
082 ## - DEWEY DECIMAL CLASSIFICATION NUMBER
Classification number 617.51
Item number C16H
100 ## - MAIN ENTRY--PERSONAL NAME
Personal name HAZARIKA ,PRODUL
245 ## - TITLE STATEMENT
Title CLINICAL AND OPERATIVE METHODS IN ENT AND HEAD AND NECK SURGERY
250 ## - EDITION STATEMENT
Edition statement 2ND
260 ## - PUBLICATION, DISTRIBUTION, ETC. (IMPRINT)
Place of publication, distribution, etc INDIA
Name of publisher, distributor, etc CBS
Year of Publication 2016
300 ## - PAGE DESCRIPTION
No. of Pages 360
942 ## - ADDED ENTRY ELEMENTS (KOHA)
Source of classification or shelving scheme Dewey Decimal Classification
Koha item type Books
942 ## - ADDED ENTRY ELEMENTS (KOHA)
-- 1
Holdings
Withdrawn status Lost status Source of classification or shelving scheme Damaged status Not for loan Collection code Home library Current library Shelving location Date acquired Vendor Name SGTU Total Checkouts Full call number Accession No. (Barcode) Date last seen Koha item type Date last borrowed
    Dewey Decimal Classification     MEDICAL SGT Medical Library SGT Medical Library Text Book 28/12/2017 ABC DELHI SGTU   617.51 C16H FM9267 28/12/2017 Books  
    Dewey Decimal Classification     MEDICAL SGT Medical Library SGT Medical Library Text Book 28/12/2017 ABC DELHI SGTU   617.51 C16H FM9268 28/12/2017 Books  
    Dewey Decimal Classification     MEDICAL SGT Medical Library SGT Medical Library Text Book 28/12/2017 ABC DELHI SGTU   617.51 C16H FM9269 28/12/2017 Books  
    Dewey Decimal Classification     MEDICAL SGT Medical Library SGT Medical Library Text Book 28/12/2017 ABC DELHI SGTU 1 617.51 C16H FM9270 19/12/2020 Books 14/12/2020
    Dewey Decimal Classification     MEDICAL SGT Medical Library SGT Medical Library Text Book 28/12/2017 ABC DELHI SGTU 2 617.51 C16H FM9271 05/06/2023 Books 06/05/2023